000 01468cam a22002891i 4500
003 SA-RiAUC
005 20241230092421.0
008 241228s2003 le g 000 0 ara c
020 _a2745140655
040 _aSA-MuMU
_bara
_cSA-RiAUC
_erda
082 0 4 _a250
_qSA-RiAUC
090 _a250
_bم ق ر
100 1 _aالمقري، محمد بن محمد بن أحمد،
_dتوفي 758 هجري
_eمؤلف.
245 1 0 _aعمل من طب لمن حب /
_cتأليف أبي عبد الله محمد بن محمد بن أحمد المقري ؛ تحقيق أبي الفضل بدر بن عبد الإله. ويليه كليات المسائل الجارية عليها الأحكام في الفقه المالكي / محمد بن عبد الله المكناسي.
264 1 _aبيروت :
_bدار الكتب العلمية،
_c2003
300 _a231 صفحة
336 _aنص
_btxt
_2rdacontent
_3كتاب
337 _aبدون وسيط
_bn
_2rdamedia
338 _aمجلد
_bnc
_2rdacarrier
650 7 _aالأحكام الشرعية
_2aucsh
650 7 _aالفقه الإسلامي
_2aucsh
700 1 _aالعمراني، بدر بن عبد الإله،
_d1975-
_eمحقق.
700 1 2 _aالمكناسي، محمد بن عبد الله بن محمد،
_d839-917 هجري
740 0 2 _aكليات المسائل الجارية عليها الأحكام في الفقه المالكي.
942 _2ddc
_cBOOK
_n0
949 _aSA-JeALM
_d241228
_umohamedma123
_n1
999 _c4119
_d4119